Methodological (and Substantive) Problems in Building a Cyclical Model

Guardado en:
Detalles Bibliográficos
Autor principal: Di Matteo, Massimo
Formato: Libro
Lenguaje:alemán
Publicado: Wien Institut für höhere Studien 1988
Edición:1. Aufl.
Colección:Forschungsbericht/Research Memorandum No.242
Etiquetas: Agregar Etiqueta
Sin Etiquetas, Sea el primero en etiquetar este registro!

MARC

LEADER 00000nam a2200000 4500
001 c034178
005 20221219111153.4
041 0 |a ger 
044 |a AT 
245 1 0 |a Methodological (and Substantive) Problems in Building a Cyclical Model  |c Massimo Di Matteo 
250 |a 1. Aufl. 
264 1 |a Wien  |b Institut für höhere Studien  |c 1988 
300 |a 20 s. 
490 1 |a Forschungsbericht/Research Memorandum  |v No.242 
830 0 |a Forschungsbericht/Research Memorandum  |v No.242 
100 1 |a Di Matteo, Massimo